Cartes Pokémon - Extensions du bloc Wizards - Statistiques

Statistiques générales
  • Ce quiz a été pris 27 fois
  • Le résultat moyen est 10 sur 14
Statistiques - réponses
Série Date de sortie Extension % Correct
Série de base 01 novembre 2000 Fossile
100%
Série de base 01 juillet 2000 Jungle
100%
Série de base 18 novembre 1999 Set de Base
96%
Série Neo 20 mai 2001 Neo Genesis
92%
Série Neo 01 janvier 2002 Neo Revelation
81%
Série Neo 15 octobre 2001 Neo Discovery
77%
Série de base mars 2001 Team Rocket
77%
Série e-cards juillet 2003 Aquapolis
73%
Série de base 24 février 2000 (USA) Base Set 2
62%
Série Neo juin 2002 Neo Destiny
62%
Série e-cards 12 mai 2003 (USA) Skyridge
62%
Série e-cards 09 mars 2003 Expedition
58%
Série de base 14 novembre 2000 (USA) Gym Challenge
54%
Série de base 14 août 2000 (USA) Gym Heroes
46%
Aucun quiz correspondant
Distribution des résultats
% des personnes avec chaque résultat
Percentile par nombre de réponses
Votre historique - résultats
Vous n’avez pas pris ce quiz